Miss Paula: drama; y diez cuentos cortos
I tiakina i:
| Kaituhi matua: | |
|---|---|
| Hōputu: | Pukapuka |
| Reo: | Pāniora |
| I whakaputaina: |
Santiago
Metropolitana
1999
|
| Ngā marau: | |
| Ngā Tūtohu: |
Tāpirihia he Tūtohu
Kāore He Tūtohu, Me noho koe te mea tuatahi ki te tūtohu i tēnei pūkete!
|
MARC
| LEADER | 00000nam a2200000 a 4500 | ||
|---|---|---|---|
| 001 | UCN6920 | ||
| 003 | CL-VaPUC | ||
| 008 | 011005e19990000CL |||||||||||||||||spa|d | ||
| 082 | 0 | 4 | |a Ch868 |b CAR |2 21 |
| 100 | 0 | |a Carvallo Soto, Jaime |e author |9 462710 | |
| 245 | 1 | 0 | |a Miss Paula: drama; y diez cuentos cortos |
| 300 | |a 119 p | ||
| 942 | |c BK | ||
| 945 | |d 20011005 00:00:00 |a crobeson | ||
| 260 | |a Santiago |b Metropolitana |c 1999 | ||
| 650 | 0 | |a Dramas chilenos |9 313819 | |
| 650 | 0 | |a Cuentos chilenos |9 308280 | |
| 650 | 0 | |a Literatura chilena |9 308278 | |
| 583 | |a last modification |c 20011005 00:00:00 |k Rodrigo Vera | ||
| 999 | |c 297482 |d 297480 | ||
| 952 | |0 0 |1 0 |4 0 |6 CH_868_000000000000000_CAR_1999 |7 0 |8 A |9 352261 |a BIBEDU |b BIBEDU |d 2019-11-21 |i 3730247 |l 1 |o Ch868 CAR 1999 |p 3730247 |r 2022-06-09 |s 2022-06-02 |w 2019-11-21 |y BK |k LIT | ||